Project Management/ (Record no. 84919)

MARC details
000 -LEADER
fixed length control field 00620nam a22001937a 4500
005 - DATE AND TIME OF LATEST TRANSACTION
control field 20140606114326.0
010 ## - LCCN (DPL NO)
LC control number B-506666
020 ## - INTERNATIONAL STANDARD BOOK NUMBER
International Standard Book Number 9788177229721
Terms of availability 349.00
035 ## - SYSTEM CONTROL NUMBER
System control number B-506666
037 ## - SOURCE OF ACQUISITION
Stock number dpl
Source of stock number/acquisition BSB/Ven
082 ## - DEWEY DECIMAL CLASSIFICATION NUMBER
Classification number 658.404
100 ## - MAIN ENTRY--PERSONAL NAME
Personal name Marwah, Sanjiv
245 ## - TITLE STATEMENT
Title Project Management/
Statement of responsibility, etc by Sanjiv Marwah
260 ## - PUBLICATION, DISTRIBUTION, ETC. (IMPRINT)
Place of publication, distribution, etc New Delhi
Name of publisher, distributor, etc Dreamtech Press
Date of publication, distribution, etc 2011
270 ## - ADDRESS
Address 19-A, Ansari Road, Daryaganj
City New Delhi
Postal code 110002
300 ## - PHYSICAL DESCRIPTION
Extent 447p.:
Other physical details ill.
Dimensions 26cm(pbk)
942 ## - ADDED ENTRY ELEMENTS (KOHA)
Source of classification or shelving scheme Dewey Decimal Classification
Item type English Books
Classification part 658.404
Call number suffix MAR
Holdings
Withdrawn status Lost status Not for loan Collection code Home library Current library Date acquired Source of acquisition Cost, normal purchase price Full call number Barcode Copy number Cost, replacement price Koha item type
      Non-fiction Central Library Central Library 06/06/2014 BSB/880/09.03.2013/169/08.03.2013/22.03.2013 349.00 658.404 MAR B-506666 1 349.00 English Books

© Delhi Public Library
Hit Counter
free hit counter